Silhouettes in Indian education. (Record no. 84359)
[ view plain ]
| 000 -LEADER | |
|---|---|
| fixed length control field | 00769nam a2200241 4500 |
| 001 - CONTROL NUMBER | |
| control field | sa 68012177 |
| 003 - CONTROL NUMBER IDENTIFIER | |
| control field | DLC |
| 005 - DATE AND TIME OF LATEST TRANSACTION | |
| control field | 20260227112607.0 |
| 008 - FIXED-LENGTH DATA ELEMENTS--GENERAL INFORMATION | |
| fixed length control field | 940713r1967 ii c 000 0 eng |
| 010 ## - LIBRARY OF CONGRESS CONTROL NUMBER | |
| LC control number | sa 68012177 //r94 |
| 025 ## - OVERSEAS ACQUISITION NUMBER | |
| Overseas acquisition number | PL480:I-E-9282 |
| 040 ## - CATALOGING SOURCE | |
| Original cataloging agency | DLC |
| Transcribing agency | DLC |
| Modifying agency | DLC |
| 050 00 - LIBRARY OF CONGRESS CALL NUMBER | |
| Classification number | LA2383.I6 |
| Item number | S5 |
| 082 00 - DEWEY DECIMAL CLASSIFICATION NUMBER | |
| Classification number | 370/.922 |
| 245 00 - TITLE STATEMENT | |
| Title | Silhouettes in Indian education. |
| 260 0# - PUBLICATION, DISTRIBUTION, ETC. | |
| Place of publication, distribution, etc. | [New Delhi] |
| Name of publisher, distributor, etc. | Govt. of India, Ministry of Education, |
| Date of publication, distribution, etc. | 1966- [i.e. 1967- |
| 300 ## - PHYSICAL DESCRIPTION | |
| Extent | v. |
| Other physical details | ports. |
| Dimensions | 25 cm. |
| 350 ## - PRICE (NR) (BK AM CF MU VM SE) [OBSOLETE] | |
| Price | 1.00 |
| -- | ($0.36) (v. 1) |
| 410 10 - SERIES STATEMENT/ADDED ENTRY--CORPORATE NAME [OBSOLETE, CAN/MARC], [LOCAL, USA] | |
| Corporate name or jurisdiction name as entry element | [India (Republic). |
| Subordinate unit | Ministry of Education] |
| Title of a work | Publication, |
| Volume number/sequential designation | no. 780- |
| 500 ## - GENERAL NOTE | |
| General note | Originally published in the Education quarterly. |
| 650 #0 - SUBJECT ADDED ENTRY--TOPICAL TERM | |
| Topical term or geographic name entry element | Educators |
| Geographic subdivision | India |
| General subdivision | Biography. |
| 730 01 - ADDED ENTRY--UNIFORM TITLE | |
| Uniform title | Education quarterly. |
No items available.